Devinez ces 10 mots grâce à leur définition #5 (Mots en D) - Statistiques

Statistiques générales
  • Ce quiz a été pris 29 fois
  • Le résultat moyen est 5 sur 10
Statistiques - réponses
Définition Mot % Correct
Surface divisée en cent carreaux alternativement blancs et noirs (n.m.) D{amier}
93%
Boisson faite de limonade et d'un sirop (n.m.) D{iabolo}
85%
Courir en poussant devant soi la balle à petits coups de pied ou de la main sans en perdre le contrôle (v.) D{ribbler}
81%
Voiture à chevaux qui servait à transporter des voyageurs (n.f.) D{iligence}
70%
Formule qui donne le ou les sens d'un mot, d'une expression et qui vise à être synonyme de ce qui est défini (n.f.) D{éfinition}
59%
Représentation ou suggestion des objets sur une surface, à l'aide de moyens graphiques (n.m.) D{essin}
59%
Entourer de soins, de tendresse ; traiter délicatement quelqu'un (v.) D{orloter}
44%
Parler longuement et avec violence contre quelqu'un, quelque chose (v.) D{éblatérer}
15%
Une seconde fois ; encore une fois (adv. littér.) D{erechef}
11%
Changement agréable d'habitudes (n.m.) D{épaysement}
4%
Aucun quiz correspondant
Distribution des résultats
% des personnes avec chaque résultat
Percentile par nombre de réponses
Votre historique - résultats
Vous n’avez pas pris ce quiz